| 000 | 00515nam a2200217Ia 4500 | ||
|---|---|---|---|
| 008 | 210210b xxu||||| |||| 00| 0 eng d | ||
| 041 | _aeng | ||
| 082 | _a821/344 | ||
| 100 | _aKNOWLES (F L) | ||
| 245 | _aGolden treasury of american songs and lyrics | ||
| 260 |
_aLondon _bGeorge Routledge and Sons Limited _c |
||
| 650 | _atreasury | ||
| 650 | _asongs | ||
| 650 | _aof | ||
| 650 | _alyrics | ||
| 650 | _aGolden | ||
| 650 | _aand | ||
| 650 | _aamerican | ||
| 690 | _aEnglish Literature | ||
| 906 | _a011513 | ||
| 999 |
_c130190 _d130190 |
||